000 00760cam a2200229 a 4500
001 000005962
003 OSt
005 20201002031103.0
008 880825s1986 nq a 001 0bspa
040 _aDO-SdBNP
_bspa
_cBNPHU
245 0 0 _aAhora sé que Sandino manda /
_cInstituto de Estudio del Sandinismo.
260 _aManagua, Nicaragua :
_bNueva Nicaragua,
_c1986.
300 _a327 p. :
_bil. ;
_c20 cm.
490 1 _aSéptimo aniversario
590 _aInventariado, 2020/ YL
600 1 0 _aSANDINO, AUGUSTO CÉSAR,
_d1895-1934.
_99713
650 4 _aNicaragua
_xHistoria
_xInsurrección general,
_y1979-
_916800
710 1 _aInstituto de Estudio del Sandinismo.
_98181
830 0 _aSéptimo aniversario
_916801
910 _aEn proceso
942 _2ddc
_cLF1
999 _c5758
_d5758